|
|
|
|
| LEADER |
00000nam0a2200000 4500 |
| 001 |
95725 |
| 005 |
20231031110246.0 |
| 010 |
|
|
|b 3000 экз.
|a 5941578660
|
| 021 |
|
|
|a RU
|b 05-88074
|9 05-4356
|
| 035 |
|
|
|a (RuTPU)RU\TPU\book\102488
|
| 090 |
|
|
|a 95725
|
| 100 |
|
|
|a 20060503d2006 km y0rusy5002 ca
|
| 101 |
0 |
|
|a rus
|
| 102 |
|
|
|a RU
|
| 105 |
|
|
|a a z 001zy
|
| 200 |
1 |
|
|a Mandriva Linux
|e полное руководство пользователя
|
| 210 |
|
|
|a СПб.
|c БХВ-Петербург
|d 2006
|
| 215 |
|
|
|a 523 с.
|c ил.
|
| 320 |
|
|
|a Предметный указатель: с. 517-523.
|
| 320 |
|
|
|a Глоссарий: с. 487-516.
|
| 330 |
|
|
|a Книга содержит полный набор информации обо всех аспектах установки и использования Mandriva Linux и миграции в Linux из Windows/Mac OS X. Описаны основы установки дистрибутива GNU/Linux, представлены инструкции для пользователя перед началом инсталляции ОС Mandriva Linux и в ее процессе, изложен вводный курс для начинающих по окружению GNU/Linux, приведены описания программных продуктов для Linux на все случаи жизни: офисных пакетов, средств мультимедиа, графических редакторов и интернет-приложений. Для опытных пользователей описаны глубины Linux — файловые системы, сборка и установка ядра Linux, компиляция программного обеспечения, настройка и восстановление системы после сбоев. Для широкого круга пользователей
|
| 610 |
1 |
|
|a операционные системы
|
| 610 |
1 |
|
|a установка
|
| 610 |
1 |
|
|a Интернет
|
| 610 |
1 |
|
|a использование
|
| 610 |
1 |
|
|a настройка
|
| 610 |
1 |
|
|a мультимедиа
|
| 610 |
1 |
|
|a графика
|
| 610 |
1 |
|
|a офисные программы
|
| 610 |
1 |
|
|a Mandriva Linux
|
| 675 |
|
|
|a 681.3.066
|v 3
|z rus
|
| 801 |
|
0 |
|a RU
|b RKP
|c 20060221
|g PSBO
|
| 801 |
|
1 |
|a RU
|b 63413507
|c 20060503
|g PSBO
|
| 801 |
|
2 |
|a RU
|b 63413507
|c 20060519
|g PSBO
|
| 942 |
|
|
|c BK
|